000 01079nam a2200229Ia 4500
003 Ost
005 20260507075142.0
008 260507s9999||||xx |||||||||||||| ||und||
040 _cfsecg
041 _aara
082 _a330
100 _aالعسكري، أحمد شاكر
_eمؤلف
245 0 _aإدارة المبيعات :
_bمدخل كمي وسلوكي واداري /
_c أحمد شاكر العسكري
260 _aعمان:
_bدار زهران,
_c2008
300 _a248 صفحة؛
_bإيضاحات ؛
_c24 سم
504 _aكشاف المصطلحات ص.203 المراجع ص.245
520 _aدراسة السوق- ماهية وظيفة المبيعات- إدارة القوى البيعية- طريق تقييم أداء مندوبي البيع- الأساليب الكمية في المستخدمة في تخطيط المبيعات- أساليب التنبؤ بالمبيعات- الرقابة والتقييم البيعي
653 _aإدارة الإنتاج
653 _aأدارة المبيعات
653 _aالسوق
942 _cكتاب
999 _c43303
_d43303